| 000 | 00338nam a2200133Ia 4500 | ||
|---|---|---|---|
| 008 | 190216s9999||||xx |||||||||||||| ||und|| | ||
| 100 | _aPartha Goswami. | ||
| 245 | 0 | _aComprehensive Solution To I. E Irodov`S Problems In General Physics | |
| 250 | _a1st Ed. | ||
| 260 |
_bNull _c1996 |
||
| 300 | _a512 | ||
| 650 | _aPhysics | ||
| 942 | _cBK | ||
| 999 |
_c33366 _d33366 |
||